[Event "Olongapo City Puregold op-B"]
[Site "Olongapo City"]
[Date "2015.11.20"]
[Round "7"]
[White "Parondo, Rolly"]
[Black "Ruaya, Virgen Gil"]
[Result "1/2-1/2"]
[WhiteElo "2119"]
[BlackElo "2117"]
[PlyCount "60"]
[EventDate "2015.11.17"]
[EventType "swiss"]
[EventRounds "9"]
[EventCountry "PHI"]
[SourceTitle "EXT 2017"]
[Source "ChessBase"]
[SourceDate "2016.10.25"]
[SourceVersion "1"]
[SourceVersionDate "2016.10.25"]
[SourceQuality "1"]

1. d4 Nf6 2. c4 Nc6 3. Nf3 e6 4. g3 Bb4+ 5. Bd2 Qe7 6. Bg2 0-0 7. 0-0 Bxd2 8. Nbxd2 d6 9. e4 e5 10. d5 Nb8 11. b4 Bg4 12. Qc2 Ne8 13. Rae1 b6 14. Nh4 a5 15. a3 g6 16. Rc1 Bd7 17. Qc3 Ng7 18. Rfe1 Rd8 19. f4 f6 20. Bf3 Rf8 21. Ng2 Rd8 22. Ne3 Rf8 23. c5 axb4 24. axb4 bxc5 25. bxc5 Na6 26. c6 Bc8 27. Ra1 Rb8 28. Nb3 h5 29. Re2 h4 30. Ng2 h3 1/2-1/2

[Event "Olongapo City Puregold op-B"]
[Site "Olongapo City"]
[Date "2015.11.19"]
[Round "5"]
[White "Parondo, Rolly"]
[Black "Marimla, Erickson"]
[Result "0-1"]
[WhiteElo "2119"]
[BlackElo "2013"]
[PlyCount "98"]
[EventDate "2015.11.17"]
[EventType "swiss"]
[EventRounds "9"]
[EventCountry "PHI"]
[SourceTitle "EXT 2017"]
[Source "ChessBase"]
[SourceDate "2016.10.25"]
[SourceVersion "1"]
[SourceVersionDate "2016.10.25"]
[SourceQuality "1"]

1. Nf3 Nf6 2. g3 d5 3. Bg2 c6 4. d3 Bg4 5. b3 Nbd7 6. Bb2 e6 7. Nbd2 Bd6 8. 0-0 0-0 9. Qe1 Re8 10. e4 e5 11. h3 Bxf3 12. Nxf3 Qb6 13. a4 a5 14. Qe2 Rad8 15. Nh4 Nc5 16. Bc1 dxe4 17. dxe4 Ne6 18. Be3 Bc5 19. Rae1 Bxe3 20. fxe3 Qb4 21. Rxf6 gxf6 22. Rf1 Rd2 23. Qh5 Ng7 24. Qg4 h5 25. Qf3 Re6 26. g4 hxg4 27. Qxg4 Kf8 28. Kh1 Rxc2 29. Rg1 Qd2 30. Qg3 Qf2 31. Qg4 Qxe3 32. Qxg7+ Kxg7 33. Nf5+ Kf8 34. Nxe3 Rc3 35. Nf5 Rxb3 36. Rd1 Re8 37. Rd7 b5 38. Nd6 Re6 39. Nf5 bxa4 40. Ra7 Rb5 41. Bf1 Rc5 42. Bc4 a3 43. Ra8+ Re8 44. Ra7 Rb8 45. Kg2 a2 46. Bxa2 Rb2+ 47. Kf3 Rxa2 48. Nd6 Rc3+ 49. Kg4 Rg2+ 0-1

[Event "Olongapo City Puregold op-B"]
[Site "Olongapo City"]
[Date "2015.11.18"]
[Round "4"]
[White "Salgados, Lennon Hart"]
[Black "Parondo, Rolly"]
[Result "0-1"]
[WhiteElo "2104"]
[BlackElo "2119"]
[PlyCount "115"]
[EventDate "2015.11.17"]
[EventType "swiss"]
[EventRounds "9"]
[EventCountry "PHI"]
[SourceTitle "EXT 2017"]
[Source "ChessBase"]
[SourceDate "2016.10.25"]
[SourceVersion "1"]
[SourceVersionDate "2016.10.25"]
[SourceQuality "1"]

1. d4 d5 2. c4 e6 3. Nf3 c6 4. g3 f5 5. Bg2 Nf6 6. 0-0 Bd6 7. Nc3 0-0 8. Qb3 Nbd7 9. cxd5 exd5 10. Ng5 Qe7 11. e4 fxe4 12. Ngxe4 Nxe4 13. Nxe4 Bc7 14. Bd2 Qf7 15. Ng5 Qf6 16. Qc2 Qf5 17. Qxf5 Rxf5 18. Bh3 Nf8 19. Bxf5 Bxf5 20. Rfe1 h6 21. Nf3 Be4 22. Ne5 Bxe5 23. dxe5 Ne6 24. Be3 c5 25. Rac1 b6 26. f4 Bf5 27. Kf2 h5 28. Ke2 a5 29. Kd2 g6 30. Rh1 Be4 31. Rhg1 Bf5 32. Ke2 a4 33. Kf2 Ra5 34. Rcd1 d4 35. Bc1 Kf7 36. Rh1 Bh3 37. Rd2 Rb5 38. Kf3 Rb4 39. Ke4 Ke7 40. Kf3 Kd7 41. Rg1 Rc4 42. Kf2 Kc6 43. b3 axb3 44. axb3 Rc3 45. Rb2 Kd5 46. Bd2 Rd3 47. Re1 b5 48. Ke2 c4 49. bxc4+ bxc4 50. Rb5+ Kc6 51. Reb1 Bg4+ 52. Ke1 c3 53. Rb6+ Kd5 54. Bc1 Rd1+ 55. Kf2 Ke4 56. Ra1 Bh3 57. Rd6 d3 58. f5 0-1

[Event "Olongapo City Puregold op-B"]
[Site "Olongapo City"]
[Date "2015.11.17"]
[Round "1"]
[White "Parondo, Rolly"]
[Black "Manaog, Stewart"]
[Result "1-0"]
[WhiteElo "2119"]
[BlackElo "2090"]
[PlyCount "69"]
[EventDate "2015.11.17"]
[EventType "swiss"]
[EventRounds "9"]
[EventCountry "PHI"]
[SourceTitle "EXT 2017"]
[Source "ChessBase"]
[SourceDate "2016.10.25"]
[SourceVersion "1"]
[SourceVersionDate "2016.10.25"]
[SourceQuality "1"]

1. d4 Nf6 2. c4 g6 3. Nc3 Bg7 4. e4 d6 5. f4 0-0 6. Nf3 c6 7. Bd3 a6 8. a4 a5 9. 0-0 Na6 10. Qe1 Nb4 11. Bb1 Be6 12. Qe2 Bg4 13. h3 Bxf3 14. Qxf3 Nd7 15. Be3 Nb6 16. b3 c5 17. Nb5 Nd7 18. Qf2 Nb8 19. Bc2 N8c6 20. Rac1 cxd4 21. Nxd4 Nxd4 22. Bxd4 Bxd4 23. Qxd4 Qc7 24. Bb1 Rac8 25. Kh1 Qc5 26. Qd2 f6 27. Rcd1 Kg7 28. Rf3 Rcd8 29. Rg3 e5 30. f5 Nc6 31. Qe2 Nd4 32. Qh5 g5 33. h4 Kh8 34. hxg5 fxg5 35. Rxg5 1-0